Fußballer #2 - Statistiken

Allgemein
  • Dieses Quiz wurde 90 mal gespielt
  • Das Durchschnittsergebnis liegt bei 14 aus 16
Antwortstatistiken
Bildquiz Antwort % Korrekt
Philipp Lahm
100%
Cristiano Ronaldo
99%
Arjen Robben
96%
Zlatan Ibrahimovic
94%
Rudi Völler
93%
Jude Bellingham
89%
Ángel Di María
88%
Ronaldinho
88%
Arturo Vidal
84%
Iker Casillas
84%
Paul Pogba
84%
Giorgio Chiellini
81%
David Villa
80%
Eusébio
78%
John Terry
75%
Yaya Touré
73%
Keine übereinstimmenden Quizze gefunden
Verteilung der Resultate
Anzahl Personen mit jedem Resultat
Perzentil nach korrekt beantworteten Fragen
Ihre Resultats-Entwicklung
Sie haben dieses Quiz noch nicht gespielt